000 00457nam a2200181 a 4500
001 1773127630804
003 YourLibrary
005 20260310125913.0
008 260310s2008##################000#0#eng##
020 _a9780415400459
082 0 4 _a362.29
_bBRI
100 1 _aBride, Brian E.,
_eauthor.
245 1 0 _aStress, Trauma and Substance Use :
260 _c2008.
650 0 _aAddicts.
942 _cENGLISH
040 _aYourLibrary
_beng
_cYourLibrary
999 _c617339
_d617339